000 00343nam a22001457a 4500
008 210602b ||||| |||| 00| 0 eng d
020 _a2901284098579
041 _aeng
080 _22nd
_a338
082 _a338
100 _a53
101 _aMEN
245 _aIntroduction to Health Care Management
_cSharon B. Buchbinder
942 _2udc
_cBK
999 _c57902
_d57902